000 00619nam a2200241Ia 4500
003 OSt
005 20221005050138.0
006 a|||||r|||| 00| 0
007 ta
008 221004b |||||||| |||| 00| 0 ben d
020 _a8175221526 (pbk)
024 _a24763
037 _bGift, 25/02/2016,
_cTextual
040 _aCRL
_cCRL
_bben
041 _2ben
_aben
082 _aP, 157P0
245 0 _aShilkatha
260 _aKolkatta
_bGranthana Vibhaga India
_c2000
300 _a59p.
_ccm.
650 _aLINGUISTICS
942 _hP, 157P0
_cTEXL
_2cc
999 _c956427
_d956427